Loading...
| Philosophy | 0 | 3 | 0 | 1 | 30 | 87 | 106.00 | 0 | 2 |
| History - World History | 1 | 1 | 0 | 1 | 25 | 47 | 75.50 | 0 | 2 |
| Social Science | 0 | 3 | 1 | 1 | 25 | 74 | 101.33 | 0 | 1 |
| Auditory Arts | 1 | 1 | 0 | 1 | 25 | 54 | 83.50 | 0 | 2 |
| History - Other History | 1 | 0 | 0 | 0 | 15 | 64 | 64.00 | 0 | 1 |
| History - American History | 1 | 0 | 0 | 1 | 15 | 31 | 31.00 | 0 | 1 |
| History - European History | 0 | 1 | 0 | 0 | 10 | 95 | 95.00 | 0 | 0 |
| Other Academic | 0 | 1 | 0 | 0 | 10 | 100 | 100.00 | 0 | 0 |
| Visual Arts | 1 | 0 | 2 | 0 | 5 | 71 | 71.00 | 0 | 1 |
| Beliefs | 0 | 1 | 1 | 1 | 5 | 129 | 129.00 | 0 | 0 |
| Literature - European Literature | 0 | 0 | 0 | 0 | 0 | 0.00 | 0 | 0 | |
| Science - Other Science | 0 | 0 | 1 | 0 | -5 | 0.00 | 0 | 0 |